000 00591nam a22002297a 4500
003 UA-OsUOA
001 48895
007 ta
008 20070913b un ||||| |||| 00| 0 ukr d
100 _aБалега Ю.
090 _a32
_bБ20
942 _cBK
040 _aUA-OsUOA
_bukr
_cUA-OsUOA
_dUA-OsUOA
245 _aПолітичне русинство і будівництво української держави
300 _a196 с.
955 _a2
041 _aukr
080 _a32
260 _aУжгород
_c2003
650 7 _a32 Політика
_2UDC
999 _c334964
_d334964